00373nam a22001337a 4500003000400000008004100004082001900045100002000064245007300084260003800157300000900195502001500204650002000219OSt260416b |||||||| |||| 00| 0 eng d a633.6194bP74S aPrasoon, Pankaj aStudies on Fungal Diseases of Sugarcane seedings and their Managment aPusa, SamastipurbRAU, Pusac2013 a64P. bMsc.d2013 aPlant Pathology